000 00732pam a2200217 a 4500
001 1068983
005 20241107203856.0
008 910131s1991 mau b 001 0 eng
020 _a067423538X (cloth)
020 _a0674235398 (pbk)
050 0 0 _aKF1416
_b.E27 1991
082 0 0 _a346.73/066
_a347.30666
_220
100 1 _aEasterbrook, Frank H.,
_d1948-
245 1 4 _aThe economic structure of corporate law /
_cFrank H. Easterbrook, Daniel R. Fischel.
260 _aCambridge, Mass. :
_bHarvard University Press,
_c1998.
300 _aviii, 370 p. ;
_c23 cm.
650 0 _aCorporation law
_xEconomic aspects
_zUnited States.
650 0 _aManagerial economics
_zUnited States.
700 1 _aFischel, Daniel R.
942 _2lcc
_cBK
_n0
999 _c845
_d845